[Event "Montevideo Trebejos 50 Anniv op"]
[Site "Montevideo"]
[Date "2022.09.24"]
[Round "8"]
[White "Avedisian, Alexander"]
[Black "Bustelo, Tabare"]
[Result "1-0"]
[WhiteElo "1835"]
[BlackElo "2023"]
[PlyCount "53"]
[EventDate "2022.09.17"]
[EventType "swiss"]
[EventRounds "9"]
[EventCountry "URU"]
[SourceTitle "EXT 2023"]
[Source "ChessBase"]
[SourceDate "2022.10.05"]
[SourceVersion "1"]
[SourceVersionDate "2022.10.05"]
[SourceQuality "1"]

1. Nf3 f5 2. g3 d6 3. Bg2 e5 4. d3 Nf6 5. 0-0 g6 6. c4 Bg7 7. Nc3 0-0 8. e4 c6 9. Rb1 Kh8 10. Bg5 h6 11. Bd2 Be6 12. Nh4 Kh7 13. exf5 gxf5 14. f4 Ng4 15. Kh1 e4 16. Nxe4 d5 17. Nc5 Qe7 18. h3 Qxc5 19. hxg4 dxc4 20. Qe1 Bd5 21. Bb4 Bxg2+ 22. Nxg2 Qd5 23. dxc4 Qxc4 24. Bxf8 Bxf8 25. Qe8 Bg7 26. gxf5 Qd3 27. Qg6+ 1-0

[Event "Titled Tuesday intern op 09th Aug Late"]
[Site "Chess.com INT"]
[Date "2022.08.09"]
[Round "4"]
[White "Bustelo, Tabare"]
[Black "Romanchuk, Viktor"]
[Result "0-1"]
[WhiteElo "2023"]
[BlackElo "2266"]
[PlyCount "42"]
[EventDate "2022.08.09"]
[EventType "swiss (blitz)"]
[EventRounds "11"]
[EventCountry "USA"]
[SourceTitle "EXT 2023"]
[Source "ChessBase"]
[SourceDate "2022.10.05"]
[SourceVersion "1"]
[SourceVersionDate "2022.10.05"]
[SourceQuality "1"]

1. e4 e6 2. b3 d5 3. Bb2 dxe4 4. Nc3 Nf6 5. f3 exf3 6. Nxf3 Be7 7. d4 0-0 8. Qd2 c5 9. 0-0-0 cxd4 10. Nxd4 Nc6 11. Nxc6 Qxd2+ 12. Rxd2 bxc6 13. h4 Bb7 14. Be2 c5 15. Rg1 Rfd8 16. g4 Rxd2 17. Kxd2 Rd8+ 18. Kc1 Nd5 19. g5 Bd6 20. Ne4 Nf4 21. Bc4 Bxe4 0-1

[Event "Titled Tuesday intern op 09th Aug Late"]
[Site "Chess.com INT"]
[Date "2022.08.09"]
[Round "5"]
[White "Kopczynski, Michal"]
[Black "Bustelo, Tabare"]
[Result "1-0"]
[WhiteElo "2225"]
[BlackElo "2023"]
[PlyCount "97"]
[EventDate "2022.08.09"]
[EventType "swiss (blitz)"]
[EventRounds "11"]
[EventCountry "USA"]
[SourceTitle "EXT 2023"]
[Source "ChessBase"]
[SourceDate "2022.10.05"]
[SourceVersion "1"]
[SourceVersionDate "2022.10.05"]
[SourceQuality "1"]

1. e4 c5 2. d4 cxd4 3. c3 e5 4. cxd4 exd4 5. Nf3 Nc6 6. Nxd4 g6 7. Be3 Bg7 8. Bc4 Nge7 9. 0-0 0-0 10. Nc3 a6 11. Rc1 Ne5 12. Be2 b5 13. f4 N5c6 14. Bf3 Bb7 15. e5 Rb8 16. Nb3 Nf5 17. Bf2 h5 18. Nc5 Bc8 19. N3e4 a5 20. Qe2 Ncd4 21. Bxd4 Nxd4 22. Qd3 Nxf3+ 23. Rxf3 d5 24. exd6 Bxb2 25. Rb1 Bg7 26. d7 Bb7 27. Rxb5 Bxe4 28. Rxb8 Qxb8 29. Nxe4 Rd8 30. Rf1 Qb6+ 31. Kh1 a4 32. Rd1 Qc7 33. Qd6 Qc2 34. Qd5 a3 35. Ng5 Qf5 36. Qxf5 gxf5 37. Kg1 Kf8 38. Kf2 Ke7 39. Rd3 Bb2 40. Kg3 Rxd7 41. Rxd7+ Kxd7 42. Nxf7 Ke7 43. Ne5 Kf6 44. Nc4 Kg6 45. Kf3 Kf6 46. Ke2 Kg6 47. Kd3 Bc1 48. g3 h4 49. Kc2 1-0

[Event "Punta del Este Alekhine op"]
[Site "Punta del Este"]
[Date "2020.03.07"]
[Round "3"]
[White "Bustelo, Tabare"]
[Black "Sosa, Liber"]
[Result "1-0"]
[WhiteElo "2053"]
[BlackElo "1752"]
[PlyCount "75"]
[EventDate "2020.03.06"]
[EventType "swiss"]
[EventRounds "5"]
[EventCountry "URU"]
[SourceTitle "EXT 2021"]
[Source "ChessBase"]
[SourceDate "2020.10.23"]
[SourceVersion "1"]
[SourceVersionDate "2020.10.23"]
[SourceQuality "1"]

1. Nc3 d5 2. e4 e6 3. Nf3 Nf6 4. e5 Nfd7 5. d4 c5 6. Be3 Nc6 7. Bb5 cxd4 8. Bxd4 Nxd4 9. Qxd4 a6 10. Bd3 Bc5 11. Qg4 g6 12. Qf4 Qc7 13. 0-0 f5 14. Qa4 0-0 15. Rae1 b5 16. Qh4 Re8 17. Ng5 Nf8 18. Qg3 Qg7 19. h4 h6 20. Nh3 Nh7 21. Nf4 g5 22. Nh5 Qf7 23. Nf6+ Nxf6 24. exf6 f4 25. Qg4 e5 26. Bf5 b4 27. Bxc8 bxc3 28. Bd7 Qxf6 29. Bxe8 Rxe8 30. bxc3 Kh8 31. hxg5 hxg5 32. Rd1 Kg7 33. Rxd5 Be7 34. Re1 Rh8 35. Rexe5 Qh6 36. Rxe7+ Kf8 37. Qf5+ Kxe7 38. Rd7+ 1-0

[Event "Montevideo Nazzari Cup"]
[Site "Montevideo"]
[Date "2019.10.16"]
[Round "3"]
[White "Bustelo, Tabare"]
[Black "Carbone, Diego"]
[Result "1/2-1/2"]
[WhiteElo "2054"]
[BlackElo "2233"]
[PlyCount "55"]
[EventDate "2019.10.14"]
[EventType "swiss"]
[EventRounds "7"]
[EventCountry "URU"]
[SourceTitle "CBM 192 Extra"]
[Source "Chessbase"]
[SourceDate "2019.11.06"]
[SourceVersion "1"]
[SourceVersionDate "2019.11.06"]
[SourceQuality "1"]

1. f4 e5 2. e4 exf4 3. Nf3 Nf6 4. e5 Nh5 5. Bc4 d5 6. Bb3 Be7 7. 0-0 0-0 8. d4 Bg4 9. c4 dxc4 10. Bxc4 Nc6 11. Be2 g6 12. Nc3 Ng7 13. d5 Bxf3 14. Bxf3 Nxe5 15. Bxf4 Bd6 16. Be2 f5 17. Nb5 g5 18. Nxd6 cxd6 19. Bxe5 dxe5 20. d6 Qb6+ 21. Kh1 Rad8 22. Qd5+ Kh8 23. Rad1 Qxb2 24. Rd2 Qc3 25. Rd3 Qb2 26. Rd2 Qc3 27. Rd3 Qb2 28. Rd2 1/2-1/2

[Event "URU-ch Seniors 50"]
[Site "Montevideo"]
[Date "2018.06.15"]
[Round "1.3"]
[White "Pelaez, Diego"]
[Black "Bustelo, Tabare"]
[Result "0-1"]
[WhiteElo "1666"]
[BlackElo "2050"]
[PlyCount "78"]
[EventDate "2018.06.15"]
[EventType "swiss"]
[EventRounds "5"]
[EventCountry "URU"]
[SourceTitle "EXT 2019"]
[Source "ChessBase"]
[SourceDate "2018.10.10"]
[SourceVersion "1"]
[SourceVersionDate "2018.10.10"]
[SourceQuality "1"]

1. d4 Nf6 2. c4 e6 3. Nc3 Bb4 4. a3 Bxc3+ 5. bxc3 b6 6. f3 0-0 7. e4 d6 8. Bd3 Nbd7 9. Ne2 Bb7 10. 0-0 Re8 11. Qc2 e5 12. Ng3 Nf8 13. f4 Ne6 14. f5 Nf8 15. Bg5 h6 16. Bh4 N8h7 17. Rae1 Qd7 18. h3 Kh8 19. Re3 a5 20. Qd1 Ba6 21. Nh5 Nxh5 22. Qxh5 f6 23. Qd1 Re7 24. a4 Rae8 25. Qb3 Rd8 26. Be2 Qe8 27. g4 exd4 28. cxd4 Rxe4 29. Rxe4 Qxe4 30. Bd3 Qxd4+ 31. Bf2 Qf4 32. Bh4 Qe3+ 33. Kh2 Re8 34. Qc2 Ng5 35. Bxg5 hxg5 36. Rf2 Qe5+ 37. Kg1 Bb7 38. Bf1 Qg3+ 39. Bg2 Bxg2 0-1

[Event "Montevideo Noches de Misterio op"]
[Site "Montevideo"]
[Date "2018.05.09"]
[Round "4"]
[White "Guerrero, Alvaro"]
[Black "Bustelo, Tabare"]
[Result "1-0"]
[WhiteElo "2137"]
[BlackElo "2064"]
[PlyCount "65"]
[EventDate "2018.04.18"]
[EventType "swiss"]
[EventRounds "6"]
[EventCountry "URU"]
[SourceTitle "CBM 184 Extra"]
[Source "ChessBase"]
[SourceDate "2018.06.28"]
[SourceVersion "1"]
[SourceVersionDate "2018.06.28"]
[SourceQuality "1"]

1. d4 d5 2. c4 Nc6 3. Nf3 Bg4 4. cxd5 Bxf3 5. gxf3 Qxd5 6. e3 e5 7. Nc3 Bb4 8. Bd2 Bxc3 9. bxc3 exd4 10. cxd4 Nge7 11. Bd3 0-0 12. Be4 Qh5 13. Qb3 Rab8 14. Rc1 Kh8 15. f4 f5 16. Bg2 Ng6 17. Qd1 Qh4 18. Kf1 Rfc8 19. d5 Nce7 20. Bc3 Ng8 21. Qc2 Nh6 22. Qb2 Qe7 23. h4 Qf7 24. Bf3 Rg8 25. Bd4 b6 26. h5 Nf8 27. Be5 Rc8 28. Rc6 Ng4 29. Bd4 Nd7 30. h6 Ndf6 31. hxg7+ Rxg7 32. Bxf6 Nxf6 33. Rxf6 1-0

[Event "URU-ch sf"]
[Site "Montevideo"]
[Date "2014.03.02"]
[Round "4"]
[White "Bustelo, Tabare"]
[Black "Ledesma, Sebastian"]
[Result "0-1"]
[WhiteElo "2073"]
[BlackElo "1937"]
[PlyCount "52"]
[EventDate "2014.02.28"]
[EventType "swiss"]
[EventRounds "9"]
[EventCountry "URU"]
[SourceTitle "CBM 159 Extra"]
[Source "ChessBase"]
[SourceDate "2014.04.24"]
[SourceVersion "1"]
[SourceVersionDate "2014.04.24"]
[SourceQuality "1"]

1. d4 f5 2. e4 fxe4 3. Nc3 Nf6 4. Bg5 Nc6 5. d5 Ne5 6. Qd4 Nf7 7. Bxf6 exf6 8. Nxe4 d6 9. 0-0-0 Be7 10. Bb5+ Bd7 11. Bxd7+ Qxd7 12. Ne2 0-0 13. Nf4 f5 14. Ne6 Ne5 15. Nxf8 Rxf8 16. f4 Ng4 17. Ng5 Bf6 18. Qd2 Qb5 19. c3 Qb6 20. Ne6 Rc8 21. Nd4 Bxd4 22. cxd4 Nf6 23. Qc2 g6 24. Rde1 c6 25. Kb1 Nxd5 26. Qe2 Nc3+ 0-1

[Event "Montevideo zt 2.5"]
[Site "Montevideo"]
[Date "2013.04.21"]
[Round "4"]
[White "Zacarias Martinez, Ruben David"]
[Black "Bustelo, Tabare"]
[Result "1/2-1/2"]
[WhiteElo "2186"]
[BlackElo "2079"]
[PlyCount "87"]
[EventDate "2013.04.19"]
[EventType "swiss"]
[EventRounds "9"]
[EventCountry "URU"]
[SourceTitle "CBM 154 Extra"]
[Source "ChessBase"]
[SourceDate "2013.06.25"]
[SourceVersion "2"]
[SourceVersionDate "2013.06.25"]
[SourceQuality "1"]

1. e4 c5 2. Nf3 Nc6 3. Nc3 g6 4. d4 cxd4 5. Nxd4 Bg7 6. Be3 d6 7. Be2 Nf6 8. Nb3 0-0 9. f4 Be6 10. g4 Rc8 11. g5 Nd7 12. h4 Na5 13. Bd4 Bxb3 14. axb3 e5 15. fxe5 dxe5 16. Be3 Nc6 17. Bg4 Nd4 18. Rh2 Rc6 19. Bxd7 Qxd7 20. Nd5 f5 21. gxf6 Bxf6 22. Bxd4 exd4 23. Qe2 Be5 24. Rg2 Rfc8 25. Qd3 Qd8 26. 0-0-0 Qxh4 27. Rf1 Re8 28. Qf3 Qh6+ 29. Kb1 Qg7 30. Rgf2 Rce6 31. Qh3 g5 32. Rf8+ Qxf8 33. Rxf8+ Kxf8 34. Qxh7 Bf4 35. Qh8+ Kf7 36. Qh7+ Kf8 37. Qf5+ Kg7 38. Nxf4 gxf4 39. Qxf4 Rxe4 40. Qg5+ Kh7 41. Qh5+ Kg7 42. Qg5+ Kh7 43. Qh5+ Kg7 44. Qg5+ 1/2-1/2

[Event "Montevideo op"]
[Site "Montevideo"]
[Date "2012.06.19"]
[Round "7"]
[White "Bustelo, Tabare"]
[Black "Ottonelo Gandarias, Marcos"]
[Result "0-1"]
[WhiteElo "2090"]
[BlackElo "1773"]
[PlyCount "26"]
[EventDate "2012.06.15"]
[EventType "swiss"]
[EventRounds "9"]
[EventCountry "URU"]
[SourceTitle "CBM 149 Extra"]
[Source "ChessBase"]
[SourceDate "2012.08.24"]
[SourceVersion "1"]
[SourceVersionDate "2012.08.24"]
[SourceQuality "1"]

1. d4 d5 2. Nc3 Nf6 3. Bg5 e6 4. Bxf6 Qxf6 5. e4 c5 6. exd5 cxd4 7. Nb5 Bb4+ 8. c3 dxc3 9. Nc7+ Kd8 10. dxe6+ Kxc7 11. Qc2 Nc6 12. 0-0-0 Bxe6 13. Kb1 Rhd8 0-1

[Event "Montevideo op"]
[Site "Montevideo"]
[Date "2012.06.16"]
[Round "3"]
[White "Bustelo, Tabare"]
[Black "Muniz, Rafael"]
[Result "0-1"]
[WhiteElo "2090"]
[BlackElo "2208"]
[PlyCount "92"]
[EventDate "2012.06.15"]
[EventType "swiss"]
[EventRounds "9"]
[EventCountry "URU"]
[SourceTitle "CBM 149 Extra"]
[Source "ChessBase"]
[SourceDate "2012.08.24"]
[SourceVersion "1"]
[SourceVersionDate "2012.08.24"]
[SourceQuality "1"]

1. d4 c5 2. dxc5 Na6 3. Nc3 Nxc5 4. Nf3 Nf6 5. Qd4 Ne6 6. Qa4 g6 7. e4 Bg7 8. e5 Ng8 9. Bc4 Nh6 10. Bxe6 fxe6 11. Bxh6 Bxh6 12. Qh4 Bg7 13. 0-0-0 Qc7 14. Rhe1 a6 15. Qe4 0-0 16. h4 d5 17. Qe3 b5 18. Ne2 Rxf3 19. Qxf3 Qxe5 20. Nd4 Qd6 21. h5 e5 22. hxg6 hxg6 23. Nb3 Be6 24. Kb1 a5 25. Qe2 Bd7 26. Qd2 e6 27. Qg5 a4 28. Nc1 a3 29. b3 Rc8 30. Qxg6 Qc7 31. Ne2 e4 32. Rc1 Qe5 33. c3 Be8 34. Qg3 Qf6 35. Nd4 b4 36. Red1 Bg6 37. Qe3 bxc3 38. Nc2 Rd8 39. Qb6 d4 40. Ne3 Rf8 41. Nc2 d3 42. Qe3 Qxf2 43. Qxf2 Rxf2 44. Nxa3 c2+ 45. Nxc2 dxc2+ 46. Rxc2 e3 0-1